Memoria anual, 2011-2012
Spremljeno u:
| Autor kompanije: | |
|---|---|
| Format: | Knjiga |
| Jezik: | španjolski |
| Izdano: |
Santiago
Cámara Nacional de Comercio, Servicios y Turismo de Chile
2012
|
| Teme: | |
| Oznake: |
Dodaj oznaku
Bez oznaka, Budi prvi tko označuje ovaj zapis!
|
MARC
| LEADER | 00000cam a2200000 a 4500 | ||
|---|---|---|---|
| 001 | UCF7933 | ||
| 003 | CL-VaPUC | ||
| 008 | 130711e20120000CL |||||||||||||||||spa|d | ||
| 082 | 0 | 4 | |a 380.1 |b CAM |2 21 |
| 110 | 2 | |a Cámara Nacional de Comercio, Servicios y Turismo de Chile |e author |9 570025 | |
| 245 | 1 | 0 | |a Memoria anual, 2011-2012 |
| 300 | |a 92 p | ||
| 942 | |c BK | ||
| 945 | |d 20130711 00:00:00 |a dcastane | ||
| 260 | |a Santiago |b Cámara Nacional de Comercio, Servicios y Turismo de Chile |c 2012 | ||
| 650 | 0 | |a Desarrollo económico y social |9 256320 | |
| 650 | 7 | |a COOPERATIVAS DE CONSUMO |2 CL-VaPUC |9 562609 | |
| 650 | 7 | |a COOPERATIVISMO |2 CL-VaPUC |9 311346 | |
| 650 | 7 | |a ECONOMATOS |2 CL-VaPUC |9 562610 | |
| 650 | 7 | |a CAMARAS DE COMERCIO |2 CL-VaPUC |9 562611 | |
| 583 | |a last modification |c 20130711 11:26:00 |k Rodrigo Vera | ||
| 999 | |c 352651 |d 352649 | ||
| 952 | |0 0 |1 0 |4 0 |6 380_100000000000000_CAM_2012 |7 0 |8 A |9 457255 |a BIBGIM |b BIBGIM |d 2019-11-22 |i 4987632 |o 380.1 CAM 2012 |p 4987632 |r 2025-01-15 |w 2019-11-22 |y BK |k GIM | ||